Responses for show #5300 - Friday, September 28, 2007

Contestants

Joseph Thompson, an assistant professor from Fairbanks, Alaska

Sharon Lin, a research scientist from New Haven, Connecticut

Richard Johnson, a foreign affairs officer from Washington, D.C. (whose 1-day cash winnings total $16,300)

Jeopardy! Round responses

STATE BORDERS
MORGAN FREEMAN
LEFTOVERS
PRESIDENTIAL ALMA MATERS
-OLOGIES
LETTERS
(Alex: Richard, you're nodding. You must like the categories.)
    $200 6
Arizona

Richard
    $200 11
Driving Miss Daisy

Sharon
    $200 12
Charles Lindbergh

Sharon
    $200 1
(Dwight) Eisenhower

Richard
    $200 16
cosmetology

Sharon
    $200 24
a C

Joseph
    $400 7
(Richard: What is Washington?)

Montana

RichardJoseph
    $400 21
Million Dollar Baby

Richard
    $400 13
murals

Triple Stumper
    $400 2
(Richard: Who is Kennedy?)

Jimmy Carter

Richard
Triple Stumper
    $400 17
cosmology

Joseph
    $400 25
T (t-bar)

Sharon
    $600 8
Maryland

Sharon
    $1,000 22
(Alex: Yes, that was a delightful one.)

March of the Penguins

Richard
    $600 14
a golfer

Sharon
    $600 3
(Bill) Clinton

Sharon
    $600 18
an apology

Joseph
    $600 27
L (liter)

Joseph
    $800 9
(Sharon: What are Kansas . . . and, uh . . . ?)

Kansas and Nebraska

RichardSharon
    $800 23
Batman

Joseph
    $800 15
(Alex: The reference to killing them when he was 3 was a reference to Davy Crockett, "killed a b'ar." Killed a bear when he was only three.)

bears (giants later accepted)

Sharon
    $800 4
Franklin Roosevelt

Sharon
    $800 19
an anthology

Sharon
    $800 28
J

Sharon
    $1000 10
5 (Texas, Louisiana, Alabama, Mississippi & Florida)

Triple Stumper
    $1000 30
Amistad

Richard
    $1000 26
the Triborough Bridge

Joseph
    $1000 5
Ronald Reagan

Richard
    $1000 20
paleontology

Richard
    $1000 29
(Richard: What is a C?)

an R (registered trademark)

RichardJoseph

Scores at the first commercial break (after clue 15):

Richard Sharon Joseph
$1,400 $3,000 $400

Scores at the end of the Jeopardy! Round:

Richard Sharon Joseph
$3,800 $5,200 $5,000

Double Jeopardy! Round responses

WORLD HISTORY
SITCOM QUOTES
(Alex: You have to name the show.)
CATS & DOGS
(Alex: We want you to...)
FILL IN THE BOOK TITLE
"ORANGE" YOU GLAD
MEASURE TIME
    $400 17
Islam

Joseph
    $400 1
The Simpsons

Richard
    $400 16
white

Richard
    $400 6
Tom Jones

Sharon
    $400 11
Agent Orange

Joseph
    $400 22
Queen Victoria

Joseph
    $800 18
King Ferdinand

Sharon
    $800 2
Seinfeld

Sharon
    $800 25
Louisville

Richard
    $800 7
Jude the Obscure

Joseph
    $800 12
(Alex: It honored [*].)

William of Orange

Triple Stumper
    $800 23
hands

Sharon
    $1200 19
Gdansk

Richard
    $1200 3
Will & Grace

Sharon
    $1200 26
a Russian blue

Sharon
    $1200 8
(Sharon: An American Tale--sorry--what is An American Tale?)
(Alex: No. What is [*]? Yes, you misspoke.)

An American Tragedy

Sharon
Triple Stumper
    $1200 13
A Clockwork Orange

Joseph
    $1200 24
dots per inch

Sharon
    $1600 20
(Richard: What is the Ganges?)

the Indus

RichardJoseph
    $1600 4
Frasier

Sharon
    $3,000 27
(Sharon: Hm.)
(Alex: Sharon?)
[The time expiry signal sounds]
(Alex: The eastern shore of the Adriatic is known as the [*]--)
(Sharon: Oh.)
(Alex: --Coast, hence the [*].)

Dalmatian

Sharon
    $2,200 9
(Joseph: What is the...)

The Beautiful And Damned

Joseph
    $1600 14
oranges and lemons

Sharon
    $1600 29
depth & height

Triple Stumper
    $2000 21
Suharto

Joseph
    $2000 5
3rd Rock from the Sun

Sharon
    $2000 28
(Richard: What is Scottish?)
(Alex: No. What is [*] Welsh Corgi?)

Pembroke

Richard
Triple Stumper
    $2000 10
The Mill On The Floss

Sharon
    $2000 15
(Alex: [In British accent] The case of [*]. Elementary, my dear Watson.)

"The Five Orange Pips"

Triple Stumper
    $2000 30
Liberia

Richard

Scores at the end of the Double Jeopardy! Round:

Richard Sharon Joseph
$5,000 $14,600 $9,600

[wagering suggestions for these scores]

Final Jeopardy! Round responses

NATIONAL HOLIDAYS
(Alex: Thinking of Grand Duchess, yes, the Grand Duchy. [*] is correct.)
RichardWhat is Luxembourg
$4,999
JosephWhat is Austria?
$9,500
SharonWhat is Belgium?
$4,599
Luxembourg

Final scores:

Richard Sharon Joseph
$9,999 $10,001 $100
2nd place: $2,000 New champion: $10,001 3rd place: $1,000

Game dynamics:

Coryat scores:

Richard Sharon Joseph
$4,600 $17,600 $11,800
13 R
(including 1 DD),
5 W
22 R,
3 W
(including 1 DD)
15 R,
1 W
(including 1 DD)

Combined Coryat: $34,000

The J! Archive is created by fans, for fans. The Jeopardy! game show and all elements thereof, including but not limited to copyright and trademark thereto, are the property of Jeopardy Productions, Inc. and are protected under law. This website is not affiliated with, sponsored by, or operated by Jeopardy Productions, Inc. Join the discussion at JBoard.tv.